00226nam a2200085 a 450000500170000000800410001705000230005824500190008144000400010020140414132113.0110209s19uu xx 00 eng d aTR 790.1bC43 1997 aActivity book. aA Child's first library of learning